MARC

LEADER 00000nam0a2200000 4500
001 225218
005 20231031200857.0
035 |a (RuTPU)RU\TPU\book\245554 
090 |a 225218 
100 |a 20121107d1960 m y0rusy50 ca 
101 0 |a rus 
102 |a RU 
105 |a y j 000zy 
200 1 |a Решение обыкновенных дифференциальных уравнений характеристического типа  |f Я. М. Курицкес 
210 |a Москва  |c Изд-во ВВИА им. Н. Е. Жуковского  |d 1960 
215 |a 100 с. 
610 1 |a математический анализ 
610 1 |a дифференциальные уравнения 
610 1 |a обыкновенные дифференциальные уравнения 
610 1 |a характеристические уравнения 
610 1 |a решения 
610 1 |a учебные пособия 
675 |a 517.91(075.8)  |v 3 
700 1 |a Курицкес  |b Я. М.  |g Яков Моисеевич 
801 1 |a RU  |b 63413507  |c 20121107 
801 2 |a RU  |b 63413507  |c 20180626  |g RCR 
942 |c BK